000 00779nam a2200229 i 4500
001 164649
003 ES-MaACL
005 20250714080906.0
008 050803s1861 fr | |||||||| ||fre d
040 _aCAM
_bspa
_cCAM
100 1 _aSand, George,
_d1804-1876
_9103060
245 1 0 _aConsuelo /
_cpar George Sand.
250 _aNouvelle éd.
260 _aParis :
_bMichel Lévy frères libraires-éditeurs,
_c1861 (
_eVersailles :
_fImprimerie Cerf)
300 _a3 v. ;
_c18 cm.
490 1 _aCollection Michel Lévy
490 1 _aOeuvres de George Sand
830 0 0 _aCollection Michel Lévy
_9182425
830 0 _aOeuvres de George Sand
_9188465
852 _aES-MaACL
_jG-14540(1, 3)
_z-- Enc. hol.
_q-- Sólo t.I (353 p.) y t.III (411 p.)
999 _c164649
_d164649